| 000 | 00592nam a2200205 a 4500 | ||
|---|---|---|---|
| 001 | 5049 | ||
| 003 | CDMR | ||
| 005 | 20131210140758.0 | ||
| 008 | 130130s1984||||||||||||||||||||||||||||d | ||
| 020 | _a8472451453 | ||
| 040 |
_aCDMR _bcat _cCDMR |
||
| 245 | 3 |
_aLa nueva comunicación _cselección y estudio preliminar de Yves Winkin ; Bateson...[et al.] |
|
| 260 |
_aBarcelona _c1984 _bKairós |
||
| 300 | _a378 p. | ||
| 650 | 0 | 4 |
_93284 _aComunicació _xInvestigació |
| 650 | 0 | 4 |
_92085 _aComunicació _xTeoria |
| 700 | 1 |
_94493 _aBateson, Gregory |
|
| 700 | 1 |
_94494 _aWinkin, Yves |
|
| 942 |
_cMON _2udc |
||
| 999 |
_c5049 _d5049 |
||